000 nam a22 7a 4500
999 _c8246
_d8246
008 171212b xxu||||| |||| 00| 0 eng d
020 _a9780670087907
100 _aSardesai, Rajdeep
_94670
245 _a2014 The election that changed
260 _aNew Delhi
_bPenguin Books
_c2014